Normal view
MARC view
Entry Topical Term
001 - CONTROL NUMBER
- control field: 16127
003 - CONTROL NUMBER IDENTIFIER
- control field: OSt
005 - DATE AND TIME OF LATEST TRANSACTION
- control field: 20220918163934.0
008 - FIXED-LENGTH DATA ELEMENTS
- fixed length control field: 220918|| aca||aabn | a|a d
040 ## - CATALOGING SOURCE
- Original cataloging agency: OSt
- Transcribing agency: OSt
150 ## - HEADING--TOPICAL TERM
- Topical term or geographic name entry element: EDUCATION; SOCIOLOGY
670 ## - SOURCE DATA FOUND
- Source citation: Work cat.: (OSt)122222: Demaine Jack Ed. 16126, Sociology of education today, 2001
